000 00599nam a22002057a 4500
001 14029322
005 20241003002028.0
008 050314s2005 ce 000 0 eng
020 _a9558095877
040 _aDLC
_cDLC
082 _222
_a812
_bRAM
100 1 _aRamakrishna, Hema.
245 1 0 _aSanctuary! /
250 _a1st ed.
260 _aColombo :
_bVijitha Yapa Publications,
_c2005.
300 _a86 p. ;
500 _aPlay.
500 _aSubtitle: A play in six scenes, with a prologue delivered by the trees of the forest, and an epilogue delivered by Narada, the sage.
942 _cL
999 _c5923
_d5923